One Metallica All Lyrics - Statistics

General Stats
  • This quiz has been taken 3,055 times
  • The average score is 140 of 204
Answer Stats
Answer % Correct
I
99%
a
98%
me
93%
my
90%
can't
89%
in
89%
is
88%
die
87%
anything
85%
remember
85%
or
84%
this
84%
see
83%
true
83%
that
82%
the
82%
if
81%
dream
80%
i'm
80%
tell
80%
cannot
78%
god
78%
feel
76%
hold
75%
oh
75%
please
75%
breath
74%
for
74%
live
73%
death
72%
wish
71%
down
70%
with
70%
as
69%
darkness
69%
deep
69%
inside
69%
life
69%
now
68%
all
66%
taken
66%
to
66%
left
65%
war
65%
legs
64%
arms
63%
help
63%
not
63%
scream
63%
horror
62%
absolute
61%
sight
61%
terrible
61%
has
60%
landmine
60%
real
59%
silence
59%
wake
59%
hell
57%
much
57%
soul
57%
imprisoning
56%
of
55%
stops
55%
through
55%
up
54%
hearing
53%
pain
51%
speech
51%
waking
51%
but
50%
one
49%
trapped
49%
nothing
48%
myself
46%
there's
45%
body
44%
cell
44%
just
44%
back
43%
holding
41%
too
41%
it's
39%
time
39%
world
38%
look
37%
be
36%
from
35%
must
35%
when
35%
cut
33%
gone
33%
novelty
33%
womb
32%
reveal
31%
forward
30%
like
30%
sticks
30%
make
28%
wartime
28%
machines
27%
tied
27%
off
25%
tube
25%
fed
22%
pumps
20%
I'll
18%
No matching quizzes found
Score Distribution
Percent of People with Each Score
Percentile by Number Answered
Your Score History
You have not taken this quiz